000 00309nam a22001337a 4500
008 180301b xxu||||| |||| 00| 0 eng d
020 _a9780781717137
041 _aeng
080 _a616.12
100 _a7
101 _aKAR
245 _aCardiothoracic Surgical Nursing
_cFinkelmeier, B.A
942 _2udc
_cBK
999 _c43773
_d43773